Հակոբ Ոսկանյան : (Record no. 144760)
[ view plain ]
| 000 -LEADER | |
|---|---|
| fixed length control field | 00999nam a2200241 u 4500 |
| 001 - CONTROL NUMBER | |
| control field | 000378658 |
| 003 - CONTROL NUMBER IDENTIFIER | |
| control field | AM-YeHGA |
| 005 - DATE AND TIME OF LATEST TRANSACTION | |
| control field | 20250618072312.0 |
| 008 - FIXED-LENGTH DATA ELEMENTS--GENERAL INFORMATION | |
| fixed length control field | 041108s1982 ai r 000 0 arm d |
| 040 ## - CATALOGING SOURCE | |
| Original cataloging agency | AM-YeHGA |
| 041 0# - LANGUAGE CODE | |
| Language code of text/sound track or separate title | arm |
| 090 ## - LOCALLY ASSIGNED LC-TYPE CALL NUMBER (OCLC); LOCAL CALL NUMBER (RLIN) | |
| -- | 146144 |
| 100 1# - MAIN ENTRY--PERSONAL NAME | |
| Personal name | Գրիգորյան, Քնարիկ Գևորգի, |
| Dates associated with a name | 1920-1999 |
| 9 (RLIN) | 9049 |
| 245 10 - TITLE STATEMENT | |
| Title | Հակոբ Ոսկանյան : |
| Remainder of title | [Անվանի դիրիժորի ստեղծագործական գործունեությունը] / |
| Statement of responsibility, etc. | Ք.Գ. Գրիգորյան; Խմբ.՝ Մ.Մ. Մուրադյան; Հայկ. թատեր. ընկ. |
| 260 ## - PUBLICATION, DISTRIBUTION, ETC. | |
| Place of publication, distribution, etc. | Երևան : |
| Name of publisher, distributor, etc. | Ա. հ., |
| Date of publication, distribution, etc. | 1982. |
| 300 ## - PHYSICAL DESCRIPTION | |
| Extent | 88 էջ : |
| Other physical details | նկ. ; |
| Dimensions | 16 սմ. |
| 504 ## - BIBLIOGRAPHY, ETC. NOTE | |
| Bibliography, etc. note | Ցանկեր՝ էջ 64-86 |
| 600 14 - SUBJECT ADDED ENTRY--PERSONAL NAME | |
| Personal name | Ոսկանյան, Հակոբ |
| 650 14 - SUBJECT ADDED ENTRY--TOPICAL TERM | |
| Topical term or geographic name entry element | Երաժշտագիտություն |
| Geographic subdivision | Հայաստան |
| 653 0# - INDEX TERM--UNCONTROLLED | |
| Uncontrolled term | Հայ խմբավարներ |
| 700 1# - ADDED ENTRY--PERSONAL NAME | |
| Personal name | Մուրադյան, Մ.Մ. |
| Relator term | խմբ. |
| Relationship | edt |
| 710 2# - ADDED ENTRY--CORPORATE NAME | |
| Corporate name or jurisdiction name as entry element | Հայկական թատերական ընկերություն |
| 9 (RLIN) | 5398 |
| Withdrawn status | Lost status | Damaged status | Not for loan | Collection | Home library | Current library | Date acquired | Total checkouts | Full call number | Barcode | Date last seen | Price effective from | Koha item type | Public note |
|---|---|---|---|---|---|---|---|---|---|---|---|---|---|---|
| General | Fundamental Scientific Library | Fundamental Scientific Library | 22/12/2016 | AI/17190 | FL0059186 | 22/12/2016 | 22/12/2016 | Գրքեր / Books | 30 Days Loan | |||||
| General | Fundamental Scientific Library | Fundamental Scientific Library | 22/12/2016 | AI/17201 | FL0059219 | 22/12/2016 | 22/12/2016 | Գրքեր / Books | 30 Days Loan | |||||
| General | Fundamental Scientific Library | Fundamental Scientific Library | 22/12/2016 | AI/17257 | FL0058797 | 22/12/2016 | 22/12/2016 | Գրքեր / Books | 30 Days Loan |
ՀՀ Գիտությունների ազգային ակադեմիայի հիմնարար գիտական գրադարան = Fundamental Scientific Library of NAS RA
All site content, except where otherwise noted, is licensed under a